|
|
|
|
| LEADER |
00000nab a2200000 4500 |
| 001 |
vtls011888011 |
| 003 |
SK-MaSNL |
| 005 |
20260318141007.0 |
| 008 |
190919|2019 xo |||| || ||00 0|hun |
| 015 |
|
|
|a SNBR2019/09
|
| 040 |
|
|
|a DSZK
|b slo
|d DSZK
|e rda
|
| 041 |
|
|
|a hun
|
| 043 |
|
|
|a e-xo---
|
| 044 |
|
|
|a xo
|c SK
|
| 072 |
|
7 |
|a 796
|x Šport. Hry. Telesné cvičenia
|2 konspekt
|
| 080 |
|
|
|a 796.88.071.2
|x (437.612)
|2 2011
|
| 100 |
1 |
|
|a (lv)
|4 aut
|9 879946
|
| 245 |
1 |
0 |
|a Méhes ismét remekelt
|c [szerző] (lv)
|
| 300 |
|
|
|b Fotografie
|
| 336 |
|
|
|a text
|b txt
|2 rdacontent
|
| 337 |
|
|
|a bez média
|b n
|2 rdamedia
|
| 338 |
|
|
|a zväzok
|b nc
|2 rdacarrier
|
| 600 |
1 |
7 |
|a Méhes, Erik
|2 dszk
|9 1185325
|
| 610 |
2 |
7 |
|a ŠK Strongman Club (Dunajská Streda, Slovensko)
|2 dszk
|9 1089100
|
| 650 |
0 |
7 |
|a silový šport
|2 dszk
|9 1034995
|
| 650 |
0 |
7 |
|a osobnosti
|2 SNKPH
|9 29820
|
| 651 |
|
7 |
|a Vrakúň (Slovensko)
|2 SNKPHgeo
|9 109956
|
| 773 |
0 |
|
|t Nyékvárkony lapja
|g Évf. 5, sz. 38 (2019), o. 14
|x 2453-6288
|
| 958 |
|
|
|a SK
|
| 958 |
|
|
|a HU
|
| 958 |
|
|
|a RG
|
| 999 |
|
|
|c 2052234
|d 2054164
|